|
|
|
|
| LEADER |
00000nab a2200000 a 4500 |
| 001 |
vtls010721429 |
| 003 |
SK-MaSNL |
| 005 |
20260305001815.0 |
| 008 |
250709s2005 xo |||||||||||||||||slo| |
| 035 |
|
|
|a (urnnbn)urn:nbn:sk:snk:ar-a04rx1
|
| 035 |
|
|
|a (uuid)69b7cc72-3cef-4692-b154-30b6c06e459f
|
| 035 |
|
|
|a urn:nbn:sk:snk-ab3m9w
|
| 040 |
|
|
|a SNKBUCL
|b slo
|c SNKBUCL
|e AACR2
|
| 041 |
0 |
|
|a slo
|
| 044 |
|
|
|a xo
|c SK
|
| 100 |
1 |
|
|a Herian, Karol,
|d 1942-2025
|4 aut
|9 188511
|
| 245 |
1 |
0 |
|a MLIEKARSTVO NA SLOVENSKU Z POHĽADU EÚ A IDF
|c K. Herian
|
| 773 |
0 |
|
|t Mliekarstvo : bulletin pre internú potrebu výrobcov a spracovateľov mlieka
|g Roč. 36, č. 4 (2005), s. 2-5
|
| 850 |
|
|
|a Slovenská národná knižnica
|
| 852 |
|
|
|a Slovenská národná knižnica
|
| 954 |
|
|
|a odborná, vedecká literatúra pôvodná (slovenská)
|2 lita
|
| 958 |
|
|
|a article1
|
| 958 |
|
|
|a OND
|
| 958 |
|
|
|a EUIPO
|
| 999 |
|
|
|c 3221350
|d 3223280
|